Glorious History of India: (Record no. 78135)

MARC details
000 -LEADER
fixed length control field 00641nam a22001937a 4500
005 - DATE AND TIME OF LATEST TRANSACTION
control field 20130729114358.0
010 ## - LCCN (DPL NO)
LC control number B-520447-457
020 ## - INTERNATIONAL STANDARD BOOK NUMBER
International Standard Book Number 9788176760331
Terms of availability 595.00
035 ## - SYSTEM CONTROL NUMBER
System control number B-520447-457
037 ## - SOURCE OF ACQUISITION
Stock number UBH/Ven
Source of stock number/acquisition dpl
082 ## - DEWEY DECIMAL CLASSIFICATION NUMBER
Classification number 954
100 ## - MAIN ENTRY--PERSONAL NAME
Personal name Mehta, Anurag
245 ## - TITLE STATEMENT
Title Glorious History of India:
Remainder of title for children/
Statement of responsibility, etc by Anurag Mehta/
260 ## - PUBLICATION, DISTRIBUTION, ETC. (IMPRINT)
Place of publication, distribution, etc New Delhi
Name of publisher, distributor, etc Nita Mehta
Date of publication, distribution, etc 2012
270 ## - ADDRESS
Address 3A/3, Asaf Ali Road
City New Delhi
Postal code 110002
300 ## - PHYSICAL DESCRIPTION
Extent various pages
Other physical details col.ill.
Dimensions 28cm(Hb)
942 ## - ADDED ENTRY ELEMENTS (KOHA)
Source of classification or shelving scheme Dewey Decimal Classification
Item type Children Books
Classification part 954
Call number suffix MEH
Holdings
Withdrawn status Lost status Not for loan Collection code Home library Current library Date acquired Source of acquisition Cost, normal purchase price Full call number Barcode Copy number Cost, replacement price Koha item type
      Non-fiction Central Library Central Library 29/07/2013 UBH/335/26.03.2013/201/20.03.2013/28.03.2013 595.00 954 MEH B-520447 1 595.00 Children Books
      Non-fiction Janak Puri Janak Puri 29/07/2013 UBH/335/26.03.2013/201/20.03.2013/28.03.2013 595.00 954 MEH B-520451 1 595.00 Children Books
      Non-fiction Karol Bagh Karol Bagh 29/07/2013 UBH/335/26.03.2013/201/20.03.2013/28.03.2013 595.00 954 MEH B-520455 1 595.00 Children Books
      Non-fiction Kasturba Gandhi Marg Kasturba Gandhi Marg 29/07/2013 UBH/335/26.03.2013/201/20.03.2013/28.03.2013 595.00 954 MEH B-520449 1 595.00 Children Books
      Non-fiction Narela Narela 29/07/2013 UBH/335/26.03.2013/201/20.03.2013/28.03.2013 595.00 954 MEH B-520456 1 595.00 Children Books
      Non-fiction Patel Nagar Patel Nagar 29/07/2013 UBH/335/26.03.2013/201/20.03.2013/28.03.2013 595.00 954 MEH B-520448 1 595.00 Children Books
      Non-fiction Peshwa Road Peshwa Road 29/07/2013 UBH/335/26.03.2013/201/20.03.2013/28.03.2013 595.00 954 MEH B-520450 1 595.00 Children Books
      Non-fiction R.K.Puram-8 R.K.Puram-8 29/07/2013 UBH/335/26.03.2013/201/20.03.2013/28.03.2013 595.00 954 MEH B-520453 1 595.00 Children Books
      Non-fiction Sarojini Nagar Sarojini Nagar 29/07/2013 UBH/335/26.03.2013/201/20.03.2013/28.03.2013 595.00 954 MEH B-520452 1 595.00 Children Books
      Non-fiction Shahdara Branch Shahdara Branch 29/07/2013 UBH/335/26.03.2013/201/20.03.2013/28.03.2013 595.00 954 MEH B-520457 1 595.00 Children Books
      Non-fiction Vinoba Puri Vinoba Puri 29/07/2013 UBH/335/26.03.2013/201/20.03.2013/28.03.2013 595.00 954 MEH B-520454 1 595.00 Children Books

© Delhi Public Library
Hit Counter
free hit counter